A szerető a JATE-klubban
Elmentve itt :
| Dokumentumtípus: | Cikk |
|---|---|
| Megjelent: |
1999-04-27
|
| Sorozat: | Délmagyarország
89 No. 97 |
| Kulcsszavak: | Egyetemi klub |
| Online Access: | http://dmarchiv.bibl.u-szeged.hu/80410 |
| LEADER | 00393nab a2200145 i 4500 | ||
|---|---|---|---|
| 001 | delm80410 | ||
| 005 | 20191024094519.0 | ||
| 008 | 191024s1999 hu o 0|| hun d | ||
| 040 | |a SZTE Délmagyarország Archívum |b hun | ||
| 041 | |a hun | ||
| 245 | 0 | 2 | |a A szerető a JATE-klubban |h [elektronikus dokumentum] |
| 260 | |c 1999-04-27 | ||
| 300 | |a 5 | ||
| 490 | 0 | |a Délmagyarország |v 89 No. 97 | |
| 695 | |a Egyetemi klub | ||